[Event "Manizales op 27th"]
[Site "Manizales"]
[Date "2022.01.10"]
[Round "8"]
[White "Cardona, Juan Felipe"]
[Black "Cruz Lopez, Jeronimo"]
[Result "1-0"]
[WhiteElo "1612"]
[BlackElo "1549"]
[PlyCount "74"]
[EventDate "2022.01.06"]
[EventType "swiss"]
[EventRounds "8"]
[EventCountry "COL"]
[SourceTitle "CBM 206 Extra"]
[Source "ChessBase"]
[SourceDate "2022.03.31"]
[SourceVersion "1"]
[SourceVersionDate "2022.03.31"]
[SourceQuality "1"]

1. e4 c5 2. Nf3 Nc6 3. d4 cxd4 4. Nxd4 e5 5. Nf3 g6 6. Bc4 Be7 7. 0-0 d6 8. Nc3 Bg4 9. Be3 Nf6 10. h3 Bxf3 11. Qxf3 Nd4 12. Bxd4 exd4 13. Bb5+ Nd7 14. Nd5 0-0 15. Bxd7 Qxd7 16. Rfd1 f5 17. Rxd4 fxe4 18. Qxe4 Bf6 19. Nxf6+ Rxf6 20. Re1 Qb5 21. Rb4 Qc5 22. Qc4+ Qxc4 23. Rxc4 Raf8 24. f3 b5 25. Rc7 a5 26. Ree7 R8f7 27. Kf2 Rxe7 28. Rxe7 Rf5 29. Ke3 Rc5 30. c3 b4 31. Kd4 Rc8 32. c4 Rc5 33. Re6 Rc6 34. Kd5 Rb6 35. Rxd6 Rxd6+ 36. Kxd6 Kf7 37. Kc7 Ke8 1-0